Unsolved problems in number theory

محفوظ في:
التفاصيل البيبلوغرافية
المؤلف الرئيسي: Guy, Richard K (مؤلف)
التنسيق: كتاب
اللغة:الإنجليزية
منشور في: Nueva York Springer-Verlag 1981
سلاسل:Problem Books in Mathematics
الموضوعات:
الوسوم: إضافة وسم
لا توجد وسوم, كن أول من يضع وسما على هذه التسجيلة!

MARC

LEADER 00000nam a2200000 a 4500
001 UCP1611
003 CL-VaPUC
008 990416e19810000US |||||||||||||||||eng|d
082 0 4 |a 512.7  |b GUY  |2 21 
100 |a Guy, Richard K  |e author  |9 427756 
245 1 0 |a Unsolved problems in number theory 
300 |a 161 p 
942 |c BK 
945 |d 19990416 00:00:00  |a crobeson 
260 |a Nueva York  |b Springer-Verlag  |c 1981 
650 0 |a Teoría de números  |9 265327 
650 7 |a PROBLEMAS  |2 CL-VaPUC  |9 269806 
650 0 |a Ejercicios   |9 269807 
650 7 |a NUMEROS PRIMOS  |2 CL-VaPUC  |9 270336 
650 7 |a DIVISION  |2 CL-VaPUC  |9 343637 
650 7 |a ECUACIONES DIOFANTICAS  |2 CL-VaPUC  |9 427729 
650 0 |a Integrales   |9 260233 
583 |a last modification  |c 19990416 00:00:00  |k Rodrigo Vera 
490 0 |a Problem Books in Mathematics 
999 |c 280278  |d 280276 
952 |0 0  |1 0  |4 0  |6 512_700000000000000_GUY_1981  |7 0  |8 A  |9 320525  |a BIBMAT  |b BIBMAT  |d 2019-11-20  |i 1343386  |o 512.7 GUY 1981  |p 1343386  |r 2025-01-07  |w 2019-11-20  |y BK  |k MAT